[Event "TUR-ch Men 2018"]
[Site "Kemer"]
[Date "2018.10.29"]
[Round "3.6"]
[White "Sevgi, Volkan"]
[Black "Baglan, Esat"]
[Result "1/2-1/2"]
[WhiteElo "2296"]
[BlackElo "2343"]
[Annotator "ChessBase"]
[PlyCount "60"]
[EventDate "2018.10.26"]
[EventType "tourn"]
[EventCountry "TUR"]
[SourceTitle "playchess.com"]
[Source "ChessBase"]
[SourceQuality "1"]
[TimeControl "5400+30"]

1. e4 {[%emt 0:00:30] 2} e6 {[%emt 0:00:30] 2} 2. d4 {[%emt 0:00:30] 2} d5 {[%emt 0:00:30]} 3. Nd2 {[%emt 0:00:00]} c5 {[%emt 0:01:30]} 4. Ngf3 {[%emt 0:02:00]} Nc6 {[%emt 0:06:30]} 5. Bb5 {[%emt 0:04:30]} cxd4 {[%emt 0:04:30]} 6. Nxd4 {[%emt 0:02:30]} Bd7 {[%emt 0:00:30]} 7. Nxc6 {[%emt 0:00:00]} bxc6 {[%emt 0:00:30]} 8. Bd3 {[%emt 0:00:00]} Bd6 {[%emt 0:01:30]} 9. Qe2 {[%emt 0:00:30]} Qb8 {[%emt 0:23:30]} 10. Nf3 {[%emt 0:08:30]} Ne7 {[%emt 0:01:30]} 11. e5 {[%emt 0:01:30]} Bc7 {[%emt 0:01:30]} 12. O-O {[%emt 0:00:30]} Ng6 {[%emt 0:04:30]} 13. Re1 {[%emt 0:02:30]} O-O {[%emt 0:03:30]} 14. Ng5 {[%emt 0:07:30]} Bxe5 {[%emt 0:13:30]} 15. Qh5 {[%emt 0:09:30]} h6 {[%emt 0:08:30]} 16. Nxf7 {[%emt 0:16:30]} Bxh2+ {[%emt 0:00:30]} 17. Kh1 {[%emt 0:00:30]} Rxf7 {[%emt 0:00:30]} 18. Qxg6 {[%emt 0:00:30]} Bf4 {[%emt 0:04:30] [%clk 0:20]} 19. Qh7+ {[%emt 0:00:30]} Kf8 {[%emt 0:01:30]} 20. Bg6 {[%emt 0:00:30]} Bxc1 {[%emt 0:04:19]} 21. Bxf7 {[%emt 0:03:30]} Bxb2 {[%emt 0:03:24]} 22. Qg8+ {[%emt 0:05:30]} Ke7 {[%emt 0:00:40]} 23. Bxe6 {[%emt 0:00:30]} Qxg8 {[%emt 0:01:11]} 24. Bxg8+ {[%emt 0:00:00]} Kd6 {[%emt 0:01:19]} 25. Rab1 {[%emt 0:00:00]} Bc3 {[%emt 0:00:18]} 26. Re3 {[%emt 0:00:30]} d4 {[%emt 0:00:10]} 27. Rd1 {[%emt 0:00:30]} Kc7 {[%emt 0:02:38]} 28. Be6 {[%emt 0:00:30]} dxe3 {[%emt 0:01:32]} 29. Rxd7+ {[%emt 0:00:30]} Kb6 {[%emt 0:00:05]} 30. fxe3 {[%emt 0:00:00]} Re8 {[%emt 0:02:42]} 1/2-1/2

[Event "TUR-ch Men 2018"]
[Site "Kemer"]
[Date "2018.10.17"]
[Round "4.1"]
[White "Erdogdu, Mert"]
[Black "Baglan, Esat"]
[Result "0-1"]
[WhiteElo "2406"]
[BlackElo "2343"]
[Annotator "TA"]
[PlyCount "80"]
[EventDate "2018.10.26"]
[EventType "tourn"]
[EventCountry "TUR"]
[SourceTitle "playchess.com"]
[Source "ChessBase"]
[SourceQuality "1"]

{[%evp 22,80,20,29,30,23,33,34,31,21,29,28,21,19,44,40,43,48,48,42,20,12,11,20,3,0,0,0,0,0,14,-45,0,0,10,0,0,0,142,0,216,0,0,-157,-164,-270,-247,-29986,-29986,-29988,-29989,-29989,-5410,-5273,-1057,-1057,-1057,-1057,-1057,-1203,-1120]} 1. c4 c6 2. e4 d5 3. exd5 cxd5 4. cxd5 Nf6 5. Nc3 g6 6. Qb3 Bg7 7. g3 O-O 8. Bg2 Nbd7 9. d4 Nb6 10. Nge2 Bf5 11. Nf4 Qd7 {B14: Caro-Kann: Panov-Botvinnik Attack with 5...e6 and 5...g6} 12. h4 {LiveBook: 4 Games} h6 13. O-O Rac8 {White has an edge.} 14. Rd1 Rfd8 15. a4 {[%cal Ba2a4,Ba4a5][%mdl 32]} Nc4 16. a5 {[#]} Ne8 $146 ({Predecessor:} 16... b6 17. axb6 axb6 18. Bf1 Nd6 19. Qxb6 Rc7 {1-0 (56) Naiditsch,A (2665)-Berkes,F (2645) Subotica 2008}) 17. Nd3 {Threatens to win with Nc5.} Bxd4 18. Nb5 Bg7 19. Nxa7 Rc7 20. Nb5 Rcc8 21. Qb4 Ned6 22. Nxd6 exd6 23. Bf1 Bh3 24. Qb3 Bxf1 25. Rxf1 Qf5 26. Rd1 ({White should try} 26. Ra4 $11 Qxd5 27. Rb4) 26... Qxd5 27. Nf4 Qf5 28. Nd5 Re8 $1 29. Qxb7 {aiming for a6.} Ne5 (29... Qg4 $11 30. Bxh6 Ne5) 30. Ra3 (30. Ne3 $16 Qh3 31. Qg2 (31. Rxd6 Rc6 $11)) 30... Kh8 $2 {[#]} (30... Qg4 $11 {and Black has nothing to worry.} 31. Qb3 Rc3 32. Nxc3 Nf3+ 33. Kg2 Nxh4+ 34. Kh2 Nf3+ 35. Kg2 Nh4+ 36. Kg1 Nf3+ 37. Kg2 Nh4+) 31. Ne7 $2 (31. Ne3 $1 $18 {[%cal Re3f5]} Qf3 32. Qxf3 Nxf3+ 33. Kg2 Rxc1 34. Rxc1 Bxb2 35. Rca1 (35. Kxf3 Bxa3 36. Rc6 Bc5 $16)) 31... Qg4 $11 32. Rf1 $2 (32. Nxc8 $11 Qxd1+ 33. Kg2) 32... Rb8 $17 {[%mdl 1024] Black has strong compensation.} 33. Qc7 {[#]} (33. Qd5 $142 Rxe7 34. a6) 33... Qh3 $1 $40 {[%mdl 128] ( -> ...Ng4). Black wants a kill.} 34. f4 $2 (34. Re1 $19) 34... Ng4 {[%csl Gg4][%cal Rh3h2]} 35. Rf2 Bd4 {[%csl Gg4][%cal Rd4f2]} 36. Be3 Nxe3 (36... Qxg3+ $142 37. Kf1 Nxe3+ 38. Rxe3 Qxe3 39. Qc2 Qh3+ 40. Ke1 Bxf2+ 41. Qxf2 Rxe7+ 42. Kd1 Qh1+ 43. Kd2 Rxb2+ 44. Kc3 Rxf2 45. Kc4 Rxf4+ 46. Kc3 Re2 47. Kd3 Qf3#) 37. Rxe3 {Black is clearly winning.} Bxe3 (37... Rxb2 $142 38. Qc1 Rxf2 39. Nxg6+ Kg7 40. Kxf2 Bxe3+ 41. Qxe3 Rxe3 42. Kxe3 Qxg3+ 43. Ke4 Qe1+ 44. Kd3 Kxg6) 38. Qc3+ Kh7 39. Qxe3 Rb7 40. Rh2 Rbxe7 {Precision: White = 55%, Black = 59%.} 0-1

[Event "TUR-ch Men 2018"]
[Site "Kemer"]
[Date "2018.10.17"]
[Round "4.2"]
[White "Soysal, Serkan"]
[Black "Sevgi, Volkan"]
[Result "1/2-1/2"]
[WhiteElo "2415"]
[BlackElo "2296"]
[Annotator "TA"]
[PlyCount "79"]
[EventDate "2018.10.26"]
[EventType "tourn"]
[EventCountry "TUR"]
[SourceTitle "playchess.com"]
[Source "ChessBase"]
[SourceQuality "1"]

{[%evp 24,79,16,27,38,41,42,37,42,38,62,37,43,59,70,70,66,43,42,17,16,21,20,12,19,14,18,22,21,20,35,35,46,46,50,45,53,47,65,38,60,19,19,20,39,17,16,-7,0,0,0,-7,0,0,0,0,0,-22]} 1. Nf3 d5 2. d4 Nf6 3. c4 dxc4 4. e3 e6 5. Bxc4 c5 6. O-O a6 7. Bb3 Nc6 8. Nc3 Be7 9. Qe2 cxd4 {D27: Queen's Gambit Accepted: Classical main line: 7 e4!? and 7 a4} 10. Rd1 e5 (10... O-O 11. Nxd4 Nxd4 12. exd4 Nd5 13. Qf3 Nxc3 14. bxc3 Qc7 15. Bf4 Bd6 16. Bxd6 Qxd6 17. c4 Rb8 18. Rac1 Bd7 19. c5 Qc7 20. d5 exd5 21. Bxd5 {½-½ (46) Leko,P (2738)-Karpov,A (2668) Miskolc 2006 CBM 114 [Berkes/Meszaros]}) 11. exd4 exd4 12. Be3 Bg4 13. Ba4 {[%cal Re3d4] LiveBook: 9 Games} Qc7 14. Bxd4 O-O 15. Bxc6 bxc6 16. h3 Bh5 17. Re1 Bxf3 $146 18. Qxf3 Rad8 19. Be5 Qb7 20. Rac1 Rfe8 21. Re2 Nd7 22. Rce1 {[#] Hoping for Bxg7!} Bf8 23. Bd4 Rxe2 24. Rxe2 Nc5 25. Bxc5 Bxc5 26. Rc2 Bf8 27. g3 Qd7 28. Kg2 Qe6 29. b3 h6 30. h4 a5 31. Qe4 Qf6 32. Ne2 c5 33. h5 Rd1 34. Nc3 Rd4 {The position is equal.} 35. Qf3 (35. Qa8 {is more complex.} Rd8 36. Qf3 Qa6 37. Qe2 Qc8 38. Na4) 35... Qxf3+ 36. Kxf3 c4 37. Nb5 $132 {[%mdl 2048] White has counterplay} cxb3 38. Nxd4 bxc2 39. Nxc2 g6 40. Ke4 {Precision: White = 61%, Black = 55%.} 1/2-1/2

[Event "TUR-ch Men 2018"]
[Site "Kemer"]
[Date "2018.10.17"]
[Round "4.3"]
[White "Gulbas, Cemil"]
[Black "Koksal, Ege"]
[Result "1-0"]
[WhiteElo "2393"]
[BlackElo "2351"]
[Annotator "TA"]
[PlyCount "71"]
[EventDate "2018.10.26"]
[EventType "tourn"]
[EventCountry "TUR"]
[SourceTitle "playchess.com"]
[Source "ChessBase"]
[SourceQuality "1"]

{[%evp 25,71,50,54,12,28,27,54,0,42,0,105,105,107,106,123,130,102,107,128,123,132,133,119,117,116,64,89,81,79,64,66,23,23,0,0,0,0,0,0,0,0,0,441,427,587,576,589,569]} 1. d4 d5 2. Nf3 Nf6 3. c4 c6 4. Nc3 e6 5. e3 Nbd7 6. Qc2 Bd6 7. b3 {[%cal Bb2b3,Bb3c4,Bc4c5][%mdl 32]} O-O 8. Bb2 Qe7 9. Be2 dxc4 10. bxc4 e5 11. O-O Re8 12. Rfd1 {D45: Damengambit (Anti-Meraner Variante)} e4 13. Nd2 Nf8 {LiveBook: 14 Partien} 14. c5 {Weiß steht etwas besser.} Bc7 15. Nc4 {[#]} Bg4 $146 ({Vorgänger:} 15... Nd5 16. Ba3 Nxc3 17. Qxc3 Qg5 18. Nd6 Bh3 19. g3 Re6 {1-0 (37) Nguyen,A (2239)-Nguyen,D (2516) Ho Chi Minh City 2015}) 16. Ba3 (16. Bxg4 $14 Nxg4 17. h3) 16... Ng6 17. Bxg4 Nxg4 (17... Bxh2+ $1 $11 {hält das Gleichgewicht.} 18. Kxh2 Nxg4+ 19. Kg1 Qh4) 18. h3 $16 Nf6 19. d5 $1 cxd5 20. Nxd5 Nxd5 21. Rxd5 Rad8 22. Nd6 Bxd6 23. cxd6 Qe6 24. Rad1 Rd7 {[#]} 25. Bb2 ({Günstiger ist} 25. Qa4 $1 $16) 25... Red8 26. Qc5 $40 {[%mdl 128] Weiss riecht Blut.} a6 27. Qd4 {[%csl Gb2][%cal Rd4g7]} (27. Kh2 {looks sharper.} h6 28. R1d2 Qe8 29. R5d4 Qe6 30. Bc3) 27... f6 28. Ba3 Rc8 29. Rc1 Rxc1+ 30. Bxc1 Kf7 31. Qd1 Ne5 32. Ba3 Nd3 33. Qb3 {Und f4 würde nun gewinnen.} b5 $2 {[%mdl 8192] [#]} (33... Ne5 $11) 34. f4 $1 $18 {[%cal Rf4f5] Droht stark f5.Weiß steht klar auf Gewinn.} g6 35. g4 Kg7 {Schwarz will ...Df7 spielen.} 36. Rxd3 {Precision: Weiß = 55%, Schwarz = 55%.} 1-0

[Event "TUR-ch Men 2018"]
[Site "Kemer"]
[Date "2018.10.17"]
[Round "4.4"]
[White "Ozen, Deniz"]
[Black "Soylu, Suat"]
[Result "1/2-1/2"]
[WhiteElo "2411"]
[BlackElo "2327"]
[Annotator "TA"]
[PlyCount "90"]
[EventDate "2018.10.26"]
[EventType "tourn"]
[EventCountry "TUR"]
[SourceTitle "playchess.com"]
[Source "ChessBase"]
[SourceQuality "1"]

{[%evp 30,90,0,0,0,0,0,0,0,0,0,-40,220,219,262,229,195,-86,-55,-97,-91,-93,-92,-99,-105,-150,-142,-139,-141,-145,0,0,17,-228,-227,-262,-252,-306,-300,-283,-281,-292,-103,-79,0,-73,0,-260,-268,-276,-268,-348,-368,-377,-350,-424,-359,-380,-382,-381,-373,-404,-191]} 1. e4 c5 2. Nf3 d6 3. d4 cxd4 4. Nxd4 Nf6 5. Nc3 a6 6. Bg5 e6 7. f4 h6 8. Bh4 Qb6 9. Qd2 Qxb2 10. Rb1 Qa3 11. e5 dxe5 {B97: Sicilian Najdorf: Poisoned Pawn} 12. fxe5 Nfd7 13. Ne4 Qxa2 14. Rd1 Qd5 15. Qe3 Bc5 {[#]} 16. Nxe6 $1 {[%mdl 512] LiveBook: 29 Games} Bb4+ $1 (16... Bxe3 $2 17. Nc7+ (17. Rxd5 fxe6 18. Nd6+ Kf8 $17) 17... Kf8 18. Nxd5 $18) (16... fxe6 $2 17. Nxc5 Qxc5 18. Qxc5 $18) (16... Qxd1+ $2 17. Kxd1 fxe6 18. Nxc5 $18) (16... Qxe6 17. Nxc5) 17. c3 Qxe6 18. cxb4 O-O 19. Rd6 Qxe5 20. Bc4 {Black must now prevent 0-0.} Nc6 $2 {[%mdl 8192]} (20... Qh5 $1 $15 {keeps the upper hand.} 21. Bg3 Nc6) 21. O-O $18 {[%mdl 1024] White has strong compensation.} Qh5 {[#]} 22. Qg3 $146 ({Predecessor:} 22. Qf4 Nde5 23. Rxh6 {1-0 (23) Shirov,A (2745)-Wang,H (2696) Dagomys 2009}) 22... Kh8 23. Bd3 $2 (23. Nf6 $1 $18 {[%cal Rf6h5]} Nxf6 24. Bxf6 gxf6 25. Rfxf6) 23... f5 (23... Nxb4 $6 24. Be7 $11) 24. Nc3 Nde5 $1 {...g5 is the strong threat.} ({Weaker is} 24... Nxb4 25. Be2 $16) 25. Be2 Qf7 {Hoping for ...f4.} 26. Nd5 Be6 27. Nf4 Bc4 28. Bh5 Qc7 29. Rfd1 Kh7 (29... Nxb4 30. Rxh6+ $1 {[%mdl 512]} gxh6 31. Ng6+ Kh7 32. Nxe5 $14) (29... Qb6+ $1 $17 30. Kh1 Qxb4) 30. Kh1 $11 Bf7 {And now ...Bxh5 would win.} ({Don't play} 30... Nxb4 $6 31. Ne6 $16) 31. Bxf7 $2 (31. Ne6 $11 Bxe6 32. Rxe6) 31... Qxf7 $19 32. h3 Rae8 33. Qc3 g5 34. Rxh6+ Kxh6 35. Rd6+ Kh7 $2 (35... Kg7 $1 $19 {and Black stays clearly on top.} 36. Bxg5 Rh8) 36. Bxg5 $17 {[#]} Rg8 (36... Qg7 $1 $17 {[%cal Rg7g5]} 37. Qg3 Kg8) 37. Rh6+ $11 Kg7 {aiming for ...Rh8.} 38. Nh5+ $2 {[%mdl 8192]} (38. Rf6 $1 $11 {and White is okay.} Qxf6 39. Nh5+ Kg6 40. Nxf6 Kxg5 41. Nxg8) 38... Kf8 $19 39. Qc5+ {[#]} Re7 $1 40. Rf6 Rxg5 41. Rxf7+ Kxf7 42. Qd5+ Kg6 43. Nf4+ {Black is winning.} Kh7 44. Qd6 Rf7 45. Ne6 Rg6 {Precision: White = 42%, Black = 54%.} (45... Rg8 $142 46. Qd2 Rf6) 1/2-1/2

[Event "TUR-ch Men 2018"]
[Site "Kemer"]
[Date "2018.10.17"]
[Round "4.5"]
[White "Gunduz, Umut Erdem"]
[Black "Apaydin, Fethi"]
[Result "1/2-1/2"]
[WhiteElo "2205"]
[BlackElo "2353"]
[Annotator "NA"]
[PlyCount "98"]
[EventDate "2018.10.26"]
[EventType "tourn"]
[EventCountry "TUR"]
[SourceTitle "playchess.com"]
[Source "ChessBase"]
[SourceQuality "1"]
[TimeControl "5400+30"]

1. e4 {[%emt 0:00:30]} c5 {[%emt 0:00:30]} 2. Nf3 {[%emt 0:00:30]} d6 {[%emt 0:00:30]} 3. Bb5+ {[%emt 0:00:30]} Nd7 {[%emt 0:00:00]} 4. O-O {[%emt 0:00:30]} a6 {[%emt 0:00:00]} 5. Bxd7+ {[%emt 0:04:30]} Bxd7 {[%emt 0:00:30]} 6. d4 {[%emt 0:01:30]} cxd4 {[%emt 0:05:30]} 7. Qxd4 {[%emt 0:00:30]} e5 {[%emt 0:08:30]} 8. Qd3 {[%emt 0:03:30]} Rc8 {[%emt 0:09:30]} 9. Nc3 {[%emt 0:05:30]} h6 {[%emt 0:02:30]} 10. a4 {[%emt 0:21:30]} Nf6 {[%emt 0:02:30]} 11. Be3 {[%emt 0:07:30]} Qc7 {[%emt 0:04:30] LiveBook: 8 Games} 12. Nd2 {[%emt 0:01:30]} Be7 {[%emt 0:04:30]} 13. Rfd1 {[%emt 0:03:30]} O-O {[%emt 0:03:30]} 14. a5 {[%emt 0:01:30]} Be6 {[%emt 0:05:30]} 15. Bb6 {[%emt 0:02:30]} Qc6 {[%emt 0:05:30]} 16. Nf1 {[%emt 0:06:30]} Bc4 {[%emt 0:19:30]} 17. Qf3 {[%emt 0:03:30]} Bd8 {[%emt 0:08:22]} 18. Bxd8 {[%emt 0:07:30]} Rfxd8 {[%emt 0:00:06]} 19. Ne3 {[%emt 0:00:30]} Be6 {[%emt 0:00:05]} 20. g4 {[%emt 0:07:55]} b5 {[%emt 0:05:47]} 21. h4 {[%emt 0:02:26]} Qd7 {[%emt 0:04:38]} 22. g5 {[%emt 0:01:59]} hxg5 {[%emt 0:00:11]} 23. hxg5 {[%emt 0:00:02]} Nh7 $1 {[%emt 0:00:24]} 24. Qh5 {[%emt 0:06:40]} Re8 {[%emt 0:01:52]} 25. Kg2 {[%emt 0:03:17]} Qd8 {[%emt 0:01:31] [#]} (25... Qe7 $1 $14) 26. Rxd6 $1 {[%emt 0:02:46]} Qxd6 {[%emt 0:02:56]} 27. Rh1 {[%emt 0:00:07]} Bh3+ {[%emt 0:00:46]} 28. Qxh3 {[%emt 0:00:01]} Qg6 {[%emt 0:00:00]} 29. Nf5 {[%emt 0:01:03]} Rc6 {[%emt 0:01:36]} 30. Nd5 {[%emt 0:00:49]} Qxg5+ {[%emt 0:00:19]} 31. Kf3 {[%emt 0:00:18]} Qf4+ {[%emt 0:03:10]} 32. Nxf4 {[%emt 0:00:30]} Ng5+ {[%emt 0:00:00]} 33. Kg2 {[%emt 0:01:38]} Nxh3 {[%emt 0:00:03]} 34. Nxh3 {[%emt 0:00:00]} Rxc2 {[%emt 0:00:00]} 35. Rb1 {[%emt 0:00:00]} b4 {[%emt 0:01:58]} 36. Ne3 {[%emt 0:01:38]} Rc5 {[%emt 0:00:03]} 37. Ra1 {[%emt 0:02:41]} Rb8 {[%emt 0:00:02]} 38. Ng1 {[%emt 0:00:16]} Rbb5 {[%emt 0:00:37]} 39. Ra4 {[%emt 0:00:21]} Rc1 {[%emt 0:01:11]} 40. Nf3 {[%emt 0:00:00]} Rcc5 {[%emt 0:00:00]} 41. b3 {[%emt 0:00:00]} (41. Ne1 $5 {[%cal Re1d3]}) 41... Rxa5 {[%emt 0:00:00]} 42. Rxb4 {[%emt 0:00:00]} Rcb5 {[%emt 0:00:00]} 43. Rxb5 {[%emt 0:00:00]} Rxb5 {[%emt 0:00:00]} 44. Nd2 {[%emt 0:00:00]} g6 {[%emt 0:00:00]} 45. Kf3 {[%emt 0:00:00]} Kg7 {[%emt 0:00:00]} 46. Nd5 {[%emt 0:00:00]} f5 {[%emt 0:00:00]} 47. Ke3 {[%emt 0:00:00]} Kh6 {[%emt 0:00:00]} 48. Kd3 {[%emt 0:00:00]} Kh5 {[%emt 0:00:00]} 49. b4 $11 {[%emt 0:00:00]} Kg4 {[%emt 0:01:24]} 1/2-1/2

[Event "TUR-ch Men 2018"]
[Site "Kemer"]
[Date "2018.10.17"]
[Round "4.6"]
[White "Zor, Alber Kadir"]
[Black "Yilmazyerli, Mert"]
[Result "1/2-1/2"]
[WhiteElo "2167"]
[BlackElo "2442"]
[Annotator "TA"]
[PlyCount "77"]
[EventDate "2018.10.26"]
[EventType "tourn"]
[EventCountry "TUR"]
[SourceTitle "playchess.com"]
[Source "ChessBase"]
[SourceQuality "1"]

{[%evp 12,77,31,27,27,23,30,24,28,-2,-1,-11,-5,0,-2,-8,0,-9,0,-25,-12,-2,-10,-7,-3,-10,6,6,15,0,0,5,40,42,70,65,64,64,83,72,161,155,154,154,154,154,154,156,157,158,160,151,148,101,112,0,117,117,116,109,125,107,135,86,90,89,89,88]} 1. b3 Nf6 2. Bb2 g6 3. Nf3 Bg7 4. c4 d6 5. d4 c5 6. dxc5 {E60: Königsindisch (ohne Sc3)} (6. e3 Ne4 7. Bd3 Qa5+ 8. Ke2 cxd4 9. exd4 d5 10. cxd5 Nf6 11. Nc3 Nxd5 12. Nxd5 Qxd5 13. h3 {½-½ (21) Kovalyov,A (2664)-Preotu,R (2497) Dallas 2017}) 6... Qa5+ 7. Qd2 {LiveBook: 3 Partien} Qxd2+ 8. Nfxd2 $146 {und nun wäre cxd6 stark für Weiss.Weiß hat minimalen Vorteil.} ({Vorgänger:} 8. Nbxd2 dxc5 9. Ne4 Nbd7 10. g3 O-O 11. Nxf6+ Bxf6 12. Bxf6 Nxf6 13. Bg2 {1-0 (53) Barlov,D (2490)-Popovic,P (2535) Yugoslavia 1989}) 8... dxc5 9. Ne4 Nbd7 10. Nxf6+ Bxf6 11. Nc3 b6 12. O-O-O Bb7 13. e3 O-O-O 14. f3 Bg5 15. f4 Bh4 {[%cal Bg5h4,Bh4f2,Bf2d4][%mdl 32]} 16. e4 Bf2 17. g3 Bd4 18. Bg2 Rhe8 19. Rhe1 Kb8 20. Nd5 {[%cal Bc3d5,Bd5e3,Be3c2][%mdl 32]} e6 21. Ne3 Nf6 22. Bxd4 $1 cxd4 23. Nc2 $1 e5 24. fxe5 Rxe5 25. Nxd4 {[#] Sc6+! ist eine echte Drohung.} Rde8 (25... Rf8 $16 {war einen Versuch wert.}) 26. Rf1 $18 Ng4 {Mit der Idee ...Se3.} 27. Rxf7 Ne3 28. Rd2 Nxg2 29. Rxg2 Rxe4 30. Rd2 R4e7 31. Rxe7 Rxe7 $16 {[%mdl 4096] Endspiel KTL-KTS} 32. Nb5 Bc6 33. Nd4 ({Besser ist} 33. a4 $16) 33... Bd7 (33... Bb7 $1 $11) 34. Kb2 Kc7 35. Ne2 Bc6 36. Nf4 g5 37. Ne2 Rf7 38. Nd4 Bd7 39. Kc3 {Precision: Weiß = 65%, Schwarz = 57%.} 1/2-1/2

[Event "TUR-ch Men 2018"]
[Site "Kemer"]
[Date "2018.10.17"]
[Round "5.1"]
[White "Yilmazyerli, Mert"]
[Black "Erdogdu, Mert"]
[Result "1/2-1/2"]
[WhiteElo "2442"]
[BlackElo "2406"]
[Annotator "TA"]
[PlyCount "60"]
[EventDate "2018.10.26"]
[EventType "tourn"]
[EventCountry "TUR"]
[SourceTitle "playchess.com"]
[Source "ChessBase"]
[SourceQuality "1"]

{[%evp 38,60,0,0,0,0,0,0,0,0,0,0,0,0,0,0,0,0,0,0,0,0,0,0,0]} 1. Nf3 Nf6 2. d4 d5 3. c4 e6 4. g3 Be7 5. Bg2 O-O 6. O-O dxc4 7. Qc2 a6 8. a4 Bd7 9. Ne5 Bc6 10. Nxc6 Nxc6 11. e3 Na5 12. Nd2 c5 13. dxc5 Rc8 14. b4 cxb3 15. Nxb3 Nxb3 16. Qxb3 Nd7 {E05: Open Catalan: 5 Nf3 Be7} 17. Ba3 Nxc5 18. Bxc5 Bxc5 (18... Rxc5 19. Qxb7 a5 20. Rfd1 Qc7 21. Rab1 Rd8 22. Qxc7 Rxd1+ 23. Rxd1 Rxc7 24. Bf1 g6 25. Bb5 Kg7 26. Rd7 Rxd7 27. Bxd7 {½-½ (27) Meier,G (2632)-Leko,P (2737) Dortmund 2014}) 19. Qxb7 a5 20. Rfd1 {LiveBook: 6 Games. The position is equal.} Qf6 21. Rac1 Rb8 22. Qf3 Qxf3 23. Bxf3 Bb4 {[#]} 24. Rd7 $146 ({Predecessor:} 24. Rc2) 24... Rfd8 25. Rxd8+ (25. Rdc7 {looks sharper.} g6 26. R1c2 Rd2 27. Be2 Rbd8 28. Bb5) 25... Rxd8 $11 {KRB-KRB} 26. Bb7 Kf8 27. Rc8 Rxc8 28. Bxc8 Ke7 29. Ba6 g6 30. Bb5 h5 1/2-1/2

[Event "TUR-ch Men 2018"]
[Site "Kemer"]
[Date "2018.10.17"]
[Round "5.2"]
[White "Apaydin, Fethi"]
[Black "Zor, Alber Kadir"]
[Result "1/2-1/2"]
[WhiteElo "2353"]
[BlackElo "2167"]
[Annotator "TA"]
[PlyCount "154"]
[EventDate "2018.10.26"]
[EventType "tourn"]
[EventCountry "TUR"]
[SourceTitle "playchess.com"]
[Source "ChessBase"]
[SourceQuality "1"]

{[%evp 17,154,-14,-14,-43,-26,-37,-25,-45,-30,-30,-23,-23,-24,-32,-25,-41,0,-46,-29,-58,-40,-42,-28,-74,-53,-54,0,-63,-25,-56,-39,-66,-23,-45,-45,-108,-76,-167,-41,-32,-36,-67,-52,-166,-166,-166,-164,-170,-170,-175,-170,-163,-155,-137,-142,-150,-154,-146,-150,-177,-177,-177,-155,-175,-175,-171,-170,-187,-159,-187,-187,-187,-187,-187,-187,-187,-187,-187,-187,-187,-187,-187,-187,-187,-187,-187,-187,-187,-187,-187,-187,-187,-187,-187,0,-187,0,-187,-187,-187,-187,-187,-187,-187,-187,-187,-187,-187,-187,-187,-187,-187,-187,-187,-187,-187,-187,-187,-187,-187,-187,-187,-187,-187,-187,-187,-29,-187,0,-187,-187,-187,-187,-187,-28,-187,-22,-22,-8]} 1. g3 d5 2. Bg2 Nf6 3. d3 e5 4. Nf3 Bd6 5. O-O O-O 6. Nbd2 Re8 7. e4 c6 8. Re1 Nbd7 9. c3 a5 {LiveBook: 24 Games} 10. exd5 {B10: Caro-Kann: 2 d3 and 2 c4} (10. a4 Bc7 11. Qc2 b6 12. b3 Ba6 13. Ba3 h6 14. d4 exd4 15. Nxd4 Ne5 16. exd5 cxd5 17. N2f3 Bd3 {1-0 (47) Pantsulaia,L (2607)-Vidit,S (2689) Doha 2016}) 10... cxd5 11. Nf1 $146 ({Predecessor:} 11. c4 Nc5 12. cxd5 Nxd3 13. Re3 Nxf2 14. Qc2 N2g4 15. Re2 e4 16. Nc4 Bc5+ 17. Kh1 exf3 18. Bxf3 Rxe2 19. Qxe2 Nf2+ 20. Kg2 Bh3+ 21. Kg1 N2g4+ 22. Kh1 Qe8 {0-1 (22) Fischer,J (2255)-Holzapfel,D (2305) Germany 2004}) 11... h6 12. d4 {Black has an edge.} e4 13. N3d2 b5 14. a4 bxa4 15. Rxa4 Nb6 {Threatens to win with ...Bg4.} 16. Ra2 a4 17. Ne3 (17. c4 $5) 17... Ba6 18. Bf1 Bxf1 19. Ndxf1 Qd7 20. Kg2 Rac8 21. Bd2 Ra8 (21... Rb8 $15) 22. Qe2 (22. Bc1 $11) 22... Rec8 23. Rc1 Qe6 24. Be1 Rc6 25. Nd2 Rac8 26. Qb5 ({White has to play} 26. b3 $1 $15) 26... Ng4 27. Ndf1 (27. Nxg4 $17 {was worth a try.} Qxg4 28. Nf1) 27... f5 ({Black should try} 27... Nxe3+ $1 $19 28. Nxe3 f5) 28. Nxg4 $1 $15 fxg4 29. Ne3 Be7 30. c4 (30. Bd2 $15) 30... Nxc4 $19 31. Rxc4 dxc4 32. d5 Rb6 33. Qxc4 Rxc4 34. dxe6 Rc8 35. Rxa4 Rxe6 36. Nxg4 Rc2 37. Ne3 Rxb2 38. Ra8+ Kh7 39. Bc3 Rb7 40. h4 Bf6 41. Bxf6 Rxf6 {[%mdl 4096] Endgame KRR-KRN} ({Resist} 41... gxf6 42. h5 $17) 42. Nd5 Rf5 43. Nf4 g5 44. hxg5 hxg5 45. Nh3 Re7 46. g4 Rd5 47. Ra3 Kg7 48. Re3 Kf6 49. f3 Rd2+ 50. Nf2 exf3+ $1 51. Kxf3 {intending Ne4+.} Rxe3+ 52. Kxe3 {KR-KN} Ra2 53. Ne4+ Kg6 54. Kf3 Ra3+ 55. Kf2 Ra2+ 56. Kf3 Ra3+ 57. Kf2 Ra8 58. Kf3 Rf8+ 59. Kg3 Rf4 60. Nd2 Kf7 61. Nf3 Kf6 62. Ng1 Ra4 63. Nf3 Ra5 64. Nd2 Ra3+ 65. Kf2 Ra4 66. Kg3 Rd4 67. Nf3 Rd5 68. Kf2 Ke6 69. Ke3 Ra5 70. Kf2 Kd6 71. Ke3 Ra3+ $2 ({Better is} 71... Ke7 $19 {aiming for ...Ra3+.} 72. Nd2 Ra3+ 73. Kf2 Ra4) 72. Kf2 $2 (72. Ke2 $1 $11 {and White has nothing to worry.}) 72... Ra5 73. Ke3 $1 Kc6 (73... Ra3+ $2 74. Ke2 $19) 74. Nd4+ Kd5 {( -> ...Ra3+)} 75. Nf3 {[#]} Kc4 $2 ({Don't do} 75... Ra3+ 76. Kf2 $15) (75... Kd6 $1 $19 {...Ke7 is the strong threat.} 76. Kd3 Ke6) 76. Ke4 $2 {[#]} (76. Nd2+ $1 $11 {and White stays safe.} Kd5 77. Nf3) 76... Kc3 $2 (76... Rd5 $1 $19 {Hoping for ...Kc5.} 77. Ke3 Kc5) 77. Ne5 $1 $11 Ra4+ {Precision: White = 42%, Black = 45%.} 1/2-1/2